000 00657nam a2200205 a 4500
001 000013821
005 20240412074239.0
008 091130s2004 dr ac 001 j spa d
040 _aDO-SdBNP
_bspa
_cBNPHu
082 _aRD863.5
_bZ24c
100 1 _aZambrano, Héctor,
_d1956-
_931315
245 1 0 _aCinco cuentos breves y un poema al Che Guevara / :
_bHéctor Zambrano.
260 _c2004.
300 _a95 p. :
_bil., retrs. ;
_c22 cm.
500 _aIncluye bibliografía del autor en la (p. 96)
590 _aLa biblioteca posee 2 ejemplar autografiado
650 0 _aCuentos dominicanos
_9176
650 0 _aLiteratura dominicana.
_967
049 _aBNPD
999 _c13433
_d13433